[Event "Montreal op"]
[Site "Montreal"]
[Date "1967.11.18"]
[Round "1"]
[White "Brodie, Hugh"]
[Black "Rado, Thomas"]
[Result "1/2-1/2"]
[WhiteElo "1700"]
[BlackElo "1500"]
[PlyCount "53"]
[EventDate "1967.11.18"]
[EventType "swiss"]
[EventRounds "8"]
[EventCountry "CAN"]
[SourceTitle "EXT 2022"]
[Source "ChessBase"]
[SourceDate "2021.10.06"]
[SourceVersion "1"]
[SourceVersionDate "2021.10.06"]
[SourceQuality "1"]

1. d4 d5 2. c4 dxc4 3. Nf3 Nc6 4. e3 b5 5. a4 bxa4 6. Bxc4 Bd7 7. Ng5 e6 8. Nf3 Na5 9. Bd3 Nb3 10. Ra2 Bc6 11. Nc3 Bb4 12. Be2 Nf6 13. 0-0 Bxc3 14. bxc3 0-0 15. Ba3 Re8 16. Bc4 Bd5 17. Bb5 Nd7 18. c4 c6 19. Bxa4 Bxc4 20. Bxb3 Bxf1 21. Qxf1 Rb8 22. Bc2 Qa5 23. Qd3 Nf6 24. Bb3 Qb6 25. Bc2 Qa5 26. Bb3 Qb6 27. Bc2 1/2-1/2